000 00754nam a2200241 4500
003 OSt
005 20240701063233.0
006 a
008 240701b |||||||| |||| 00| 0 eng d
020 _a9780130388407
040 _aDWCL-Main lib.
_cOC
082 _2Ninth edition
_aCirc. 372.21 B369s 2012
100 _aBeaty, Janice J.
245 _aSkills for preschool teachers /
250 _aNinth edition
260 _aBoston :
_bPearson Education, Inc. ,
_cc2012.
300 _axxiv,
_b389 p. : ill. ;
_c23 cm.
504 _aIncludes bibliographical references & index.
650 _a1. Child development.
650 _a2. Education, Preschool.
650 _a3. Preschool teachers-Training of.
942 _2ddc
_n0
_cBK-CIRC
_eNinth edition
_kCirc.
999 _c1717
_d1717